000 00312nam a2200133Ia 4500
008 240624s9999 xx 000 0 und d
041 _aeng
082 _a658.409 WEL
100 _aWELCH JACK
245 _aWINNING
260 _c2005
_aLondon
_bHarper Collins
300 _axi, : 372 : p. : cm. ; 23
365 _cERU
999 _c2938
_d2938